| 000 | 01401cam a2200337 i 4500 | ||
|---|---|---|---|
| 001 | 17681790 | ||
| 003 | EG-ScBUE | ||
| 005 | 20230907112655.0 | ||
| 008 | 130402s2019 caua f 000 0 eng d | ||
| 020 | _a9781633227811 | ||
| 040 |
_aDLC _beng _erda _cDLC _dDLC _dEG-ScBUE |
||
| 082 | 0 | 4 |
_a741.51 _222 _bKEE |
| 100 | 1 |
_aKeely, Jack, _eauthor. |
|
| 245 | 1 | 0 |
_aCartooning 1 : _blearn the basics of cartooning / _cby Jack Keeley ; with Carson Van Osten. |
| 246 | 3 | _aCartooning one | |
| 250 | _aFirst library edition. | ||
| 264 | 1 |
_aMission Viejo, CA : _bWalter Foster Publishing, Inc., _c2019. |
|
| 300 |
_a40 pages : _billustrations ; _c29 cm. |
||
| 336 |
_atext _2rdacontent _btxt |
||
| 337 |
_aunmediated _2rdamedia _bn |
||
| 338 |
_avolume _2rdacarrier _bnc |
||
| 490 | 0 | _aDrawing | |
| 505 | 0 | _aWhich Way? -- The Cute Crew -- Warm and Fuzzy -- The Human Touch -- Zany Is as Zany Does -- Crazy Characters -- Critter Crazy -- Get Real! -- Body Building -- Realistic Rover -- Dress 'Em Up -- Talking Toasters and Trees -- On the Go -- Location, Location, Location -- Creating a Model Sheet. | |
| 650 | 7 |
_aCartooning _xTechnique. _2BUEsh |
|
| 653 |
_bART _2IA |
||
| 655 | _vReading book | ||
| 700 | 1 |
_aOsten, Carson van, _eauthor. |
|
| 906 |
_a7 _bcbc _corignew _d1 _eecip _f20 _gy-gencatlg |
||
| 942 |
_2ddc _cBB |
||
| 999 |
_c30554 _d30525 |
||